000 00445nam a22001697a 4500
005 20230119110014.0
008 210301b ||||| |||| 00| 0 eng d
020 _a9789350974414
041 _aeng
082 _a61.19 CHA-P
100 _aCHATWAL, G.R
_96421
245 _aPHARMACEUTICAL CHEMISTRY INORGANIC VOL-I
260 _aMUMBAI
_bHIMALAYA PUBLISHING HOUSE
_c2021
300 _a469, P.
650 _aPHARMACY
_xB.PHARMA
_97083
942 _cBK
999 _c7485
_d7483